000 00830nam a2200229Ii 4500
003 JO-AjNU
008 230605s9999||||xx |||||||||||||| ||und||
017 _a16621
020 _a977-328-187-4
040 _aJO-AjNU
_bara
_erda
_cJO-AjNU
041 _aara
050 1 4 _aHG221.3.S57 2010
100 3 _aالسريتي،السيد محمد احمد /م.مشارك: محمد عزت محمد غزلان,
_eauthor
_932249
245 0 0 _aاقتصاديات النقود والبنوك والاسواق المالية
250 _aط1
264 3 1 _aالاسكندرية: مؤسسة رؤية للنشر والتوزيع، 2010
300 _a352ص
336 _atext
_btxt
_2rdacontent
337 _aunmediated
_bn
_2rdamedia
338 _avolume
_bnc
_2rdacarrier
650 4 _aالنقود - البنوك - الاقتصاد
_932250
999 _aA12996
_c16564
_d16564